000
00249 a2200109 4500
001
10613
090
_c
8216
_d
8216
100
_a
Merrill Ivan Skolnik
245
_a
Introduction to radar systems
250
_a
1
260
_a
NY
_b
McGraw-Hill
_c
1969
942
_a
NUST-CAE
_k
621.3848 SKO
999
_c
245686
_d
245686